Niektoré prvky prechodu od administratívno-byrokratického k trhovému mechanizmu v ČSFR záverečná štúdia ŠPZV IX-11-3/04

Gespeichert in:
Bibliographische Detailangaben
Format: Buch
Sprache:Slowakisch
Veröffentlicht: Bratislava VŠE 1990
Tags: Tag hinzufügen
Keine Tags, Fügen Sie das erste Tag hinzu!

MARC

LEADER 00000nam a2200000 4500
001 c026578
005 20260325123508.8
041 0 |a slo 
044 |a SK 
245 1 0 |a Niektoré prvky prechodu od administratívno-byrokratického k trhovému mechanizmu v ČSFR  |b záverečná štúdia ŠPZV IX-11-3/04 
264 1 |a Bratislava  |b VŠE  |c 1990 
300 |a 101 s.